000 00604nam a2200229Ia 4500
003 OSt
005 20220918215927.0
006 a|||||r|||| 00| 0
007 ta
008 220917b |||||||| |||| 00| 0 eng d
024 _a143,412
037 _cTextual
040 _aARTS
_cARTS
_beng
041 _2eng
_aeng
082 _aY153.73.N5, J1(YI)
100 _aMills C Wright
245 0 _aWhite collar
_b The American middle classes
260 _aNA
_bNA
_c1951
650 _aSOCIOLOGY
942 _hY153.73.N5, J1(YI)
_cTEXL
_2CC
999 _c266365
_d266365